000 00454nam a2200169Ia 4500
003 GCL
008 140319s9999 xx 000 0 eng d
040 _aGCL /
_cGCL
082 0 4 _a581
_bB S
100 1 _aBOODLE, L. A.
245 1 0 _aSTUDENT HANDBOOK OF BOTANY AND PLANT SCIENCE /
_cBOODLE, L. A.
700 1 _aSINNOTT, E. W.
260 _a[S.N] :
_bCOMMONWEATH PUBLISHERS ،
_c1994
650 0 4 _aPLANT
650 0 4 _aPLANT - SCIENCE
942 _2ddc
_cBK
999 _c11930
_d11930